Statistiques concernant NRJ Music Awards 2016 - Les gagnants

Cliquez ici pour prendre le quiz!

Statistiques générales

  • Ce quiz a été pris 4 fois
  • Le résultat moyen est 4 sur 15

Statistiques - réponses

HintRéponse% Correct
Artiste masculin internationalJustin Bieber
100%
Artiste masculin francophoneSoprano
100%
Artiste féminine francophoneTal
67%
Révélation francophoneAmir
33%
DJ de l'annéeDavid Guetta
33%
Artiste féminine internationaleSia
33%
Award d'honneur (Artiste Américain)Bruno Mars
0%
Groupe/duo internationaleColdplay
0%
Award d'honneur (Groupe Britanique)Coldplay
0%
Award d'honneur (Artiste Espagnol)Enrique Iglesias
0%
Groupe/duo francophoneFréro Delavega
0%
Clip de l'annéeIl est où le bonheur (Christophe Maé)
0%
Chanson francophoneJ'ai cherché (Amir)
0%
Chanson internationaleLove Yourself (Justin Bieber)
0%
Révélation internationaleTwenty one Pilots
0%

Distribution des résultats

Percentile par nombre de réponses

% des personnes avec chaque résultat

Votre développement - résultats

Vous n’avez pas pris ce quiz